[Event "82. Provinciale VE"]
[Site "Mestre ITA"]
[Date "2023.01.28"]
[Round "2.12"]
[White "Gambarotto, Paolo"]
[Black "Giuliani, Marco"]
[Result "1-0"]
[WhiteElo "1266"]
[BlackElo "999"]
[Annotator "Gabriele Ballarin"]
[PlyCount "115"]
[EventDate "2023.01.27"]
[EventType "swiss"]
[EventRounds "5"]
[EventCountry "ITA"]

1. d4 d5 2. Bf4 Nc6 3. e3 a6 4. Nf3 f6 5. h3 Bf5 6. c3 e6 7. Bd3 Bg6 8. Nh4 Be4 9. Bxe4 dxe4 10. Qh5+ Kd7 11. d5 Nce7 12. dxe6+ Kxe6 13. Bg3 g6 14. Qe2 g5 15. Qg4+ Kd5 16. Na3 Kc6 17. Rd1 Qc8 18. Qxe4+ Kb6 19. Nc4+ Ka7 20. Na5 Rb8 21. Nf3 Nh6 22. Qd4+ Ka8 23. Qxf6 Ng6 24. Qxg5 Nf7 25. Qd5 Nd6 26. O-O Be7 27. Nd4 Rd8 28. Ndc6 bxc6 29. Nxc6 Rb7 30. Nxd8 Qxd8 31. Bxd6 Bxd6 32. Qc6 Ka7 33. b3 Qe7 34. Rd4 Qe5 35. g3 h5 36. Re4 Qf5 37. Qc4 Qxh3 38. Qe6 Qxe6 39. Rxe6 Ne5 40. Rh6 h4 41. gxh4 Rb8 42. f4 Rg8+ 43. Kh1 Ng4 44. Re6 Rh8 45. Kg2 Rg8 46. Kh3 Kb7 47. h5 Bf8 48. Rf3 Nh6 49. Rg3 Rh8 50. Rgg6 Nf5 51. Kg4 Nh6+ 52. Kf3 Nf5 53. Rg5 Nd6 54. e4 Nf7 55. Ra5 c6 56. Rf5 Rh7 57. Ref6 Nd6 58. Rxf8 1-0

[Event "82. Provinciale VE"]
[Site "Mestre ITA"]
[Date "2023.01.28"]
[Round "2.13"]
[White "Patron, Cristobal"]
[Black "Bardi, Enrico"]
[Result "0-1"]
[WhiteElo "999"]
[BlackElo "1195"]
[Annotator "Gabriele Ballarin"]
[PlyCount "116"]
[EventDate "2023.01.27"]
[EventType "swiss"]
[EventRounds "5"]
[EventCountry "ITA"]

1. e4 e5 2. Nf3 Nc6 3. Bc4 h6 4. d3 Bc5 5. O-O d6 6. Nc3 Bg4 7. Re1 Bxf3 8. Qxf3 Qf6 9. Qxf6 Nxf6 10. Nd5 Nxd5 11. Bxd5 Nd4 12. Bxb7 Rb8 13. Bd5 Nxc2 14. Bd2 Nxa1 15. Rxa1 Rxb2 16. Bc6+ Ke7 17. Bc3 Rc2 18. Be1 Rb8 19. a4 Rbb2 20. Rd1 Bxf2+ 21. Bxf2 Rxf2 22. d4 Rxg2+ 23. Kf1 Rxh2 24. Kg1 Rbg2+ 25. Kf1 Rg4 26. dxe5 Rh1+ 27. Ke2 Rg2+ 28. Kf3 Rxd1 29. Kxg2 dxe5 30. Kg3 Kd6 31. Be8 f6 32. Bh5 Rd4 33. Kf3 Rxa4 34. Bf7 c5 35. Bd5 c4 36. Ke2 Kc5 37. Kd2 Kd4 38. Kc2 Ra2+ 39. Kb1 Re2 40. Kc1 a5 41. Kd1 Re3 42. Kd2 c3+ 43. Kc2 g5 44. Kc1 g4 45. Be6 g3 46. Bh3 Kxe4 47. Bg2+ Kd4 48. Bf1 a4 49. Kc2 f5 50. Bh3 f4 51. Kd1 a3 52. Be6 f3 53. Bg4 f2 54. Bh3 Re1+ 55. Kc2 a2 56. Kb3 a1=Q 57. Bf5 e4 58. Kc2 Qb2# 0-1

[Event "82. Provinciale VE"]
[Site "Mestre ITA"]
[Date "2023.01.28"]
[Round "3.1"]
[White "Frascerra, Andrea"]
[Black "Gallo, Enrico"]
[Result "0-1"]
[WhiteElo "1282"]
[BlackElo "2095"]
[Annotator "Gabriele Ballarin"]
[PlyCount "42"]
[EventDate "2023.01.27"]
[EventType "swiss"]
[EventRounds "5"]
[EventCountry "ITA"]

1. e4 e6 2. d4 d5 3. e5 c5 4. c3 Nc6 5. Be3 cxd4 6. cxd4 f6 7. Nf3 fxe5 8. Nxe5 Nxe5 9. dxe5 Bb4+ 10. Nc3 Ne7 11. g4 O-O 12. a3 Ba5 13. Bd3 Nc6 14. b4 d4 15. bxa5 dxe3 16. O-O exf2+ 17. Rxf2 Rxf2 18. Kxf2 Qd4+ 19. Kf1 Qxc3 20. Rc1 Qxe5 21. Bc4 Bd7 0-1

[Event "82. Provinciale VE"]
[Site "Mestre ITA"]
[Date "2023.01.28"]
[Round "3.2"]
[White "Porta, Federico"]
[Black "Amadardo, Matteo"]
[Result "1-0"]
[WhiteElo "1750"]
[BlackElo "1376"]
[Annotator "Gabriele Ballarin"]
[PlyCount "77"]
[EventDate "2023.01.27"]
[EventType "swiss"]
[EventRounds "5"]
[EventCountry "ITA"]

1. d4 Nf6 2. Bf4 g6 3. e3 Bg7 4. Be2 d6 5. Nf3 c5 6. c3 Qb6 7. Qb3 Be6 8. Qa3 Na6 9. h3 Rc8 10. Nbd2 cxd4 11. exd4 Nd5 12. Bg3 Ndc7 13. O-O O-O 14. Rfe1 Nd5 15. Bd3 Bh6 16. Rad1 Rfe8 17. Ne4 Nf4 18. Bf1 Bd5 19. Ned2 Qc6 20. c4 Bxf3 21. Nxf3 Nxh3+ 22. gxh3 Bg7 23. Qb3 h5 24. a3 Nb8 25. Qd3 Nd7 26. b3 Nf6 27. Bg2 Qd7 28. Ng5 Bh6 29. Ne4 d5 30. Nxf6+ exf6 31. Bxd5 Bg7 32. Bg2 f5 33. Bd5 b5 34. Be5 Bh6 35. Qg3 Kh7 36. h4 a6 37. a4 bxa4 38. bxa4 Qxa4 39. Bxf7 1-0

[Event "82. Provinciale VE"]
[Site "Mestre ITA"]
[Date "2023.01.28"]
[Round "3.3"]
[White "Lobina, Riccardo Marco"]
[Black "Rossi, Gianni"]
[Result "1-0"]
[WhiteElo "1294"]
[BlackElo "1557"]
[Annotator "Gabriele Ballarin"]
[PlyCount "83"]
[EventDate "2023.01.27"]
[EventType "swiss"]
[EventRounds "5"]
[EventCountry "ITA"]

1. c4 c5 2. Nc3 Nc6 3. Nf3 e5 4. g3 g6 5. Bg2 Bg7 6. d3 Nge7 7. O-O O-O 8. e4 d6 9. Rb1 Bg4 10. h3 Be6 11. a3 a5 12. Nd5 Rb8 13. Be3 b5 14. b3 Bxd5 15. cxd5 Nd4 16. Bxd4 cxd4 17. h4 Bh6 18. Bh3 f5 19. Ng5 Bxg5 20. hxg5 Rc8 21. Qd2 Rc3 22. Rfc1 b4 23. axb4 axb4 24. Rxc3 dxc3 25. Qd1 Qb6 26. Qc2 Qd4 27. Bf1 fxe4 28. dxe4 Rf3 29. Rd1 Qc5 30. Kg2 Rf8 31. Ra1 Nf5 32. exf5 Qxd5+ 33. Kg1 Qc5 34. f6 d5 35. Rd1 Kh8 36. Kg2 e4 37. Be2 Re8 38. f3 e3 39. Rh1 Rg8 40. Bd3 Qd4 41. Qd1 Qe5 42. Rxh7+ 1-0

[Event "82. Provinciale VE"]
[Site "Mestre ITA"]
[Date "2023.01.28"]
[Round "3.4"]
[White "Gazzato, Nicolò"]
[Black "Pintonello, Francesco"]
[Result "0-1"]
[WhiteElo "1254"]
[BlackElo "1488"]
[Annotator "Gabriele Ballarin"]
[PlyCount "58"]
[EventDate "2023.01.27"]
[EventType "swiss"]
[EventRounds "5"]
[EventCountry "ITA"]

1. e4 d5 2. exd5 Qxd5 3. Nc3 Qa5 4. d4 Bf5 5. Bd3 e6 6. Bxf5 Qxf5 7. Nf3 Bb4 8. Bd2 Nf6 9. Rc1 O-O 10. O-O Nbd7 11. Ne4 Bxd2 12. Nxf6+ Nxf6 13. Qxd2 Rfd8 14. c3 b6 15. Rfe1 Qa5 16. b4 Qa6 17. Qe2 Qb7 18. Qc4 b5 19. Qb3 a5 20. a3 Ra6 21. Ra1 Qa7 22. Qb2 Ra8 23. Re5 c6 24. Rc5 Nd7 25. Rg5 axb4 26. Qxb4 Rxa3 27. Rxa3 Qxa3 28. Qxa3 Rxa3 29. g3 Rxc3 0-1

[Event "82. Provinciale VE"]
[Site "Mestre ITA"]
[Date "2023.01.28"]
[Round "3.5"]
[White "Rizzo, Nicodemo"]
[Black "Mamone, Elena Maria"]
[Result "1-0"]
[WhiteElo "1472"]
[BlackElo "1384"]
[Annotator "Gabriele Ballarin"]
[PlyCount "93"]
[EventDate "2023.01.27"]
[EventType "swiss"]
[EventRounds "5"]
[EventCountry "ITA"]

1. d4 d5 2. c4 c6 3. e3 Nf6 4. Nc3 Bf5 5. Nf3 Nbd7 6. Be2 e6 7. Bd2 Bd6 8. c5 Bc7 9. Nh4 Ne4 10. Nxf5 exf5 11. h3 Qh4 12. Nxe4 fxe4 13. O-O O-O 14. f4 f5 15. Qe1 Qh6 16. Qg3 Bd8 17. b4 Bh4 18. Qh2 Rf6 19. Be1 Rg6 20. Kh1 Nf6 21. g3 a5 22. bxa5 Bxg3 23. Bxg3 Rxa5 24. Rg1 Ne8 25. Bf2 Re6 26. Qg2 Rg6 27. Qf1 Re6 28. Kh2 Nc7 29. a4 Re8 30. Rg5 Qe6 31. Qg2 Qd7 32. h4 Rea8 33. Qh3 Rxa4 34. Rxa4 Rxa4 35. Rxf5 Qd8 36. Qg4 Ra2 37. Rg5 Qf8 38. Kg2 h6 39. Re5 Kh7 40. h5 Qf7 41. Rf5 Qe8 42. Bf1 Ra8 43. Re5 Qd8 44. Bh4 Qg8 45. Re7 Ra2+ 46. Be2 Nb5 47. Bf6 1-0

[Event "82. Provinciale VE"]
[Site "Mestre ITA"]
[Date "2023.01.28"]
[Round "3.6"]
[White "Biondi, Carlo"]
[Black "Bozzao, Francesco"]
[Result "1/2-1/2"]
[WhiteElo "1297"]
[BlackElo "1832"]
[Annotator "Gabriele Ballarin"]
[PlyCount "122"]
[EventDate "2023.01.27"]
[EventType "swiss"]
[EventRounds "5"]
[EventCountry "ITA"]

1. d4 d5 2. c4 e6 3. Nf3 Nf6 4. e3 c5 5. Nc3 Nc6 6. cxd5 exd5 7. Bb5 a6 8. Bxc6+ bxc6 9. Qa4 Bd7 10. Ne5 Qc7 11. Nxd7 Qxd7 12. h3 cxd4 13. exd4 Be7 14. O-O O-O 15. Bf4 Qb7 16. Rab1 a5 17. a3 c5 18. Rfe1 Rfd8 19. Re2 cxd4 20. Qxd4 Rac8 21. Rbe1 Bc5 22. Qd3 Qb3 23. Qb5 Qxb5 24. Nxb5 Re8 25. Rxe8+ Rxe8 26. Rxe8+ Nxe8 27. Bd2 Bb6 28. Be3 Bd8 29. Kf1 f5 30. Ke2 Kf7 31. Kd3 g6 32. b4 axb4 33. axb4 Ke6 34. Nd4+ Kd7 35. Kc3 Nd6 36. Kb3 Nc4 37. Ka4 Nxe3 38. fxe3 Bg5 39. Nf3 Bxe3 40. Ne1 Kc7 41. Kb5 Kb7 42. Nd3 h6 43. Nc5+ Kc8 44. Kc6 g5 45. Kxd5 Kc7 46. Ke5 f4 47. Kf5 Bd2 48. Ne4 Bxb4 49. Kg6 Bf8 50. Kf7 Bd6 51. Nf6 Kc6 52. Ng4 h5 53. Nh6 Kd5 54. Kf6 g4 55. hxg4 hxg4 56. Nxg4 Ke4 57. Ke6 Bb8 58. Kf6 Kd3 59. Kf5 Bc7 60. Nf2+ Ke2 61. Nh3 Kf1 1/2-1/2

[Event "82. Provinciale VE"]
[Site "Mestre ITA"]
[Date "2023.01.28"]
[Round "3.7"]
[White "Bardi, Enrico"]
[Black "Rubini, Alessandro TV"]
[Result "1-0"]
[WhiteElo "1195"]
[BlackElo "1807"]
[Annotator "Gabriele Ballarin"]
[PlyCount "103"]
[EventDate "2023.01.27"]
[EventType "swiss"]
[EventRounds "5"]
[EventCountry "ITA"]

1. e4 b6 2. d4 Bb7 3. Nc3 Nf6 4. Bd3 e6 5. a3 c5 6. dxc5 Bxc5 7. Nf3 O-O 8. Bg5 Be7 9. h3 d6 10. O-O Nbd7 11. Re1 Nc5 12. e5 dxe5 13. Nxe5 Nxd3 14. Qxd3 Qxd3 15. Nxd3 Rac8 16. Re2 h6 17. Bh4 Rc4 18. Bg3 Ne4 19. Nxe4 Rxe4 20. Rxe4 Bxe4 21. Rd1 Rd8 22. f3 Bf5 23. Kf1 {=} Bf6 24. b3 e5 25. Ke2 e4 26. fxe4 Bxe4 27. Ne1 Re8 28. Kf2 Re7 29. Bf4 b5 30. Be3 Bb2 31. Bc5 Rc7 32. b4 a5 33. Ke3 {=} Bf5 34. g4 Be6 35. Bb6 Rc3+ 36. Nd3 axb4 37. axb4 Ba3 38. Kd2 Rc6 39. Bc5 Bc4 40. Ra1 Bxd3 41. cxd3 Bb2 42. Ra5 h5 {=} 43. gxh5 Rh6 44. d4 Rxh5 45. Kc2 Bxd4 46. Bxd4 Rxh3 47. Rxb5 Kh7 48. Rb7 Rh2+ 49. Kc3 Kg8 50. b5 g5 51. Rb8+ Kh7 52. Rh8+ 1-0

[Event "82. Provinciale VE"]
[Site "Mestre ITA"]
[Date "2023.01.28"]
[Round "3.8"]
[White "Schiera, Ignazio"]
[Black "Arcudi, Gioele"]
[Result "1-0"]
[WhiteElo "1543"]
[BlackElo "1298"]
[Annotator "Gabriele Ballarin"]
[PlyCount "86"]
[EventDate "2023.01.27"]
[EventType "swiss"]
[EventRounds "5"]
[EventCountry "ITA"]

1. e4 c5 2. Nc3 Nc6 3. f4 a6 4. Nf3 g6 5. Bc4 b5 6. Be2 Bg7 7. O-O d6 8. Qe1 Nf6 9. Qh4 b4 10. Nd1 Nxe4 11. d3 Nf6 12. f5 Bxf5 13. Bh6 Bxh6 14. Qxh6 Qd7 15. Ne3 Be6 16. Rad1 O-O-O 17. Nc4 Bxc4 18. dxc4 Ng4 19. Qf4 Qf5 20. Qxf5+ gxf5 21. Rd3 e5 22. Rd2 f4 23. Ng5 Rd7 24. Bxg4 Rg8 25. Bxd7+ Kxd7 26. Nxf7 Nd4 27. c3 bxc3 28. bxc3 Nf5 29. Nxe5+ Ke6 30. Nf3 Ne3 31. Re1 Kf5 32. h3 h5 33. Ree2 Nxc4 34. Rd5+ Kf6 35. Rxh5 Ne3 36. Rh6+ Ke7 37. Rh7+ Ke6 38. Ra7 Rb8 39. Rxa6 Rb1+ 40. Ne1 Kd5 41. Kf2 Ke4 42. Ra4+ Ke5 43. Nd3+ Kf5 1-0

[Event "82. Provinciale VE"]
[Site "Mestre ITA"]
[Date "2023.01.28"]
[Round "3.9"]
[White "Tatulli Uva, Alberto"]
[Black "Moretto, Christian"]
[Result "0-1"]
[WhiteElo "999"]
[BlackElo "1425"]
[Annotator "Gabriele Ballarin"]
[PlyCount "42"]
[EventDate "2023.01.27"]
[EventType "swiss"]
[EventRounds "5"]
[EventCountry "ITA"]

1. e4 e5 2. Nf3 Nc6 3. Bc4 Bc5 4. O-O Nf6 5. d3 h6 6. Nc3 d6 7. Bb5 O-O 8. Bxc6 bxc6 9. a3 Bg4 10. h3 Bh5 11. Na4 Bb6 12. c3 d5 13. Nxb6 cxb6 14. g4 Bg6 15. Nxe5 dxe4 16. Nxg6 fxg6 17. d4 Nd5 18. Re1 Nf4 19. Bxf4 Rxf4 20. Kg2 Qh4 21. Qe2 Raf8 0-1

[Event "82. Provinciale VE"]
[Site "Mestre ITA"]
[Date "2023.01.28"]
[Round "3.10"]
[White "Nicolardi, Edoardo"]
[Black "Radetich, Gioele"]
[Result "1-0"]
[WhiteElo "1317"]
[BlackElo "999"]
[Annotator "Gabriele Ballarin"]
[PlyCount "39"]
[EventDate "2023.01.27"]
[EventType "swiss"]
[EventRounds "5"]
[EventCountry "ITA"]

1. e4 g6 2. d4 Bg7 3. Be3 d6 4. Nc3 Nf6 5. Bd3 O-O 6. Nge2 c6 7. h3 Nbd7 8. O-O Re8 9. f4 e5 10. dxe5 dxe5 11. f5 Nb6 12. Qd2 gxf5 13. Bg5 fxe4 14. Bxf6 Bxf6 15. Nxe4 Be7 16. g4 Be6 17. Qh6 Nd7 18. N4g3 Nf6 19. Nh5 Bc5+ 20. Kh2 1-0

[Event "82. Provinciale VE"]
[Site "Mestre ITA"]
[Date "2023.01.28"]
[Round "3.11"]
[White "Gaggio, Giacomo"]
[Black "Gambarotto, Paolo"]
[Result "1-0"]
[WhiteElo "1254"]
[BlackElo "1266"]
[Annotator "Gabriele Ballarin"]
[PlyCount "53"]
[EventDate "2023.01.27"]
[EventType "swiss"]
[EventRounds "5"]
[EventCountry "ITA"]

1. e4 c6 2. d4 d5 3. Nd2 dxe4 4. Nxe4 e5 5. dxe5 Qxd1+ 6. Kxd1 Bf5 7. Nd6+ Bxd6 8. exd6 Nd7 9. Nf3 Ngf6 10. Bc4 Ne4 11. Re1 O-O-O 12. Be3 Nxd6 13. Bf1 Nf6 14. Kc1 Kb8 15. a4 Nd5 16. Bd2 Nc4 17. Bxc4 f6 18. Ra3 Nb6 19. Ba2 Rd7 20. Rae3 Bg6 21. Re7 Rhd8 22. Rxd7 Rxd7 23. a5 Nd5 24. Bxd5 cxd5 25. Nd4 a6 26. Re6 Rc7 27. Bf4 1-0

[Event "82. Provinciale VE"]
[Site "Mestre ITA"]
[Date "2023.01.28"]
[Round "3.12"]
[White "Casarin, Francesco"]
[Black "Zanata, Domenico"]
[Result "1-0"]
[WhiteElo "1619"]
[BlackElo "1171"]
[Annotator "Gabriele Ballarin"]
[PlyCount "77"]
[EventDate "2023.01.27"]
[EventType "swiss"]
[EventRounds "5"]
[EventCountry "ITA"]

1. Nf3 Nc6 2. d4 d5 3. Bf4 Nf6 4. h3 Nh5 5. Bh2 g5 6. e3 h6 7. c4 Nf6 8. Nc3 e6 9. c5 a6 10. Be2 Bd7 11. a3 Rg8 12. Ne5 Qe7 13. Qc2 Rg7 14. b4 Na7 15. a4 h5 16. b5 a5 17. Kd2 b6 18. c6 Bc8 19. Bd3 h4 20. f3 Rg8 21. Rhf1 Rg7 22. Rf2 Qd6 23. Ng4 Qe7 24. Nxf6+ Qxf6 25. Be5 Qe7 26. Bxg7 Bxg7 27. f4 Qf6 28. Raf1 e5 29. fxe5 Qxf2+ 30. Rxf2 Be6 31. Bf5 O-O-O 32. Bxe6+ fxe6 33. Qg6 Bf8 34. Qxe6+ Kb8 35. Nxd5 Nc8 36. Rf7 Bd6 37. exd6 Rxd6 38. Qe8 Rxd5 39. Rf8 1-0

[Event "82. Provinciale VE"]
[Site "Mestre ITA"]
[Date "2023.01.28"]
[Round "3.13"]
[White "Formentin, John"]
[Black "Patron, Cristobal"]
[Result "1-0"]
[WhiteElo "1069"]
[BlackElo "999"]
[Annotator "Gabriele Ballarin"]
[PlyCount "100"]
[EventDate "2023.01.27"]
[EventType "swiss"]
[EventRounds "5"]
[EventCountry "ITA"]

1. e4 e5 2. Nf3 Nc6 3. Nc3 Bc5 4. Nxe5 Bxf2+ 5. Kxf2 Nxe5 6. d4 Nc6 7. Bc4 Qf6+ 8. Kg1 Qxd4+ 9. Qxd4 Nxd4 10. Bd3 Nf6 11. Bg5 O-O 12. Bxf6 gxf6 13. Nd5 c6 14. Nxf6+ Kh8 15. c3 Nb5 16. Bxb5 cxb5 17. Rd1 Rd8 18. Nd5 b6 19. Nc7 Rb8 20. Nxb5 a5 21. Nd6 Rf8 22. h3 Bb7 23. Kh2 b5 24. Rhf1 f6 25. e5 Bd5 26. Rxd5 fxe5 27. Rxf8+ Rxf8 28. Rxe5 b4 29. cxb4 axb4 30. Rb5 Rf6 31. Rb8+ Kg7 32. Ne8+ Kf7 33. Nxf6 Kxf6 34. Rxb4 Ke7 35. Rd4 Kd8 36. Rc4 Ke7 37. b4 d5 38. Rc1 d4 39. b5 d3 40. b6 d2 41. Rd1 Kd7 42. Rxd2+ Kc6 43. Re2 Kxb6 44. Re7 h5 45. g4 hxg4 46. hxg4 Kc6 47. g5 Kd6 48. Re1 Kc5 49. g6 Kb4 50. g7 Ka3 1-0

[Event "82. Provinciale VE"]
[Site "Mestre ITA"]
[Date "2023.01.29"]
[Round "4.1"]
[White "Gallo, Enrico"]
[Black "Pintonello, Francesco"]
[Result "1-0"]
[WhiteElo "2095"]
[BlackElo "1488"]
[Annotator "Gabriele Ballarin"]
[PlyCount "57"]
[EventDate "2023.01.27"]
[EventType "swiss"]
[EventRounds "5"]
[EventCountry "ITA"]

1. e4 d5 2. exd5 Qxd5 3. Nf3 Bg4 4. Be2 e6 5. d4 Nf6 6. O-O c6 7. c4 Qa5 8. Bf4 Be7 9. Nc3 O-O 10. a3 Qd8 11. b4 Bd6 12. Ne5 Bxe2 13. Qxe2 Bc7 14. Rad1 Nbd7 15. Bg5 Qc8 16. f4 h6 17. Bh4 Bd8 18. Kh1 Nh7 19. Bg3 Bf6 20. Ne4 Be7 21. c5 Nhf6 22. Nd6 Bxd6 23. cxd6 Nb6 24. Rd3 Ne8 25. Bh4 Kh8 26. Be7 Nf6 27. Bxf6 gxf6 28. Qh5 Kh7 29. Rh3 1-0

[Event "82. Provinciale VE"]
[Site "Mestre ITA"]
[Date "2023.01.29"]
[Round "4.2"]
[White "Lobina, Riccardo Marco"]
[Black "Rizzo, Nicodemo"]
[Result "0-1"]
[WhiteElo "1294"]
[BlackElo "1472"]
[Annotator "Gabriele Ballarin"]
[PlyCount "54"]
[EventDate "2023.01.27"]
[EventType "swiss"]
[EventRounds "5"]
[EventCountry "ITA"]

1. c4 c5 2. Nc3 d6 3. g3 Nc6 4. Bg2 Bd7 5. e3 Nf6 6. Nge2 g6 7. d4 cxd4 8. exd4 Bg7 9. O-O O-O 10. d5 Ne5 11. b3 a6 12. Kh1 Qc8 13. f4 Neg4 14. h3 Nh6 15. Kh2 Nf5 16. Qe1 Qc5 17. g4 Ne3 18. Bxe3 Qxe3 19. Rf3 Qc5 20. Ng3 Nxg4+ 21. hxg4 Bxg4 22. Re3 Qd4 23. Rc1 Qxf4 24. Re4 Qh6+ 25. Kg1 Qg5 26. Rxe7 Bd4+ 27. Kf1 Qf4+ 0-1

[Event "82. Provinciale VE"]
[Site "Mestre ITA"]
[Date "2023.01.29"]
[Round "4.3"]
[White "Nicolardi, Edoardo"]
[Black "Schiera, Ignazio"]
[Result "1-0"]
[WhiteElo "1317"]
[BlackElo "1543"]
[Annotator "Gabriele Ballarin"]
[PlyCount "59"]
[EventDate "2023.01.27"]
[EventType "swiss"]
[EventRounds "5"]
[EventCountry "ITA"]

1. e4 e6 2. d4 Ne7 3. Nf3 d5 4. e5 c5 5. c3 Nbc6 6. Be2 Bd7 7. O-O Ng6 8. a3 Be7 9. Be3 cxd4 10. cxd4 O-O 11. Nc3 Rc8 12. h3 Na5 13. b4 Rxc3 14. bxa5 Qxa5 15. Bd2 Rfc8 16. Bxc3 Rxc3 17. Qd2 Qc7 18. Rfc1 Rxc1+ 19. Rxc1 Qd8 20. Qc3 Bc6 21. g3 a6 22. Bxa6 bxa6 23. Qxc6 Qa5 24. Qe8+ Bf8 25. Ng5 Qxa3 26. Qxf7+ Kh8 27. Rf1 a5 28. Nxe6 a4 29. Nxf8 Nxf8 30. e6 1-0

[Event "82. Provinciale VE"]
[Site "Mestre ITA"]
[Date "2023.01.29"]
[Round "4.4"]
[White "Moretto, Christian"]
[Black "Bardi, Enrico"]
[Result "1-0"]
[WhiteElo "1425"]
[BlackElo "1195"]
[Annotator "Gabriele Ballarin"]
[PlyCount "142"]
[EventDate "2023.01.27"]
[EventType "swiss"]
[EventRounds "5"]
[EventCountry "ITA"]

1. e4 e5 2. Nf3 Nc6 3. Bc4 h6 4. Nc3 Bc5 5. d3 d6 6. h3 Nf6 7. Be3 Be6 8. Bxc5 Bxc4 9. Be3 Be6 10. Qd2 Qd7 11. O-O-O a6 12. d4 exd4 13. Nxd4 O-O-O 14. Nxe6 Qxe6 15. f3 Nd7 16. a3 Nde5 17. Qe2 Qc4 18. Qd2 Qe6 19. Qd5 Qxd5 20. exd5 Ne7 21. Bd4 f6 22. b3 Rhe8 23. f4 N5g6 24. g3 Nf5 25. h4 Nxd4 26. Rxd4 Re3 27. Rd3 Rde8 28. h5 Nf8 29. Kd2 Rxd3+ 30. Kxd3 Nd7 31. Rg1 f5 32. g4 fxg4 33. Ne4 Kd8 34. Rxg4 Re7 {=} 35. Rg6 Ke8 36. c4 Kf8 37. b4 Rf7 38. Rg4 Nf6 39. Nxf6 Rxf6 40. Kd4 Kf7 41. Ke4 g6 42. Rh4 Kg7 43. a4 c6 44. dxc6 bxc6 45. b5 cxb5 46. cxb5 axb5 47. axb5 Rf5 48. hxg6 Rxb5 49. Rg4 h5 50. Rg1 Rb4+ 51. Kf5 Rb5+ 52. Ke6 Rb4 53. f5 Rf4 54. Rd1 h4 55. Rxd6 Re4+ 56. Kd5 Rg4 57. Ke5 h3 58. Rd7+ Kg8 59. Rh7 Rg3 60. Kf4 Ra3 61. Kg4 Ra5 62. Rxh3 Kg7 63. Rh7+ Kg8 64. f6 Ra4+ 65. Kg5 Ra5+ 66. Kh6 Rf5 67. f7+ Kf8 68. Rh8+ Ke7 69. f8=Q+ Rxf8 70. Rxf8 Kxf8 71. Kh7 Ke7 1-0

[Event "82. Provinciale VE"]
[Site "Mestre ITA"]
[Date "2023.01.29"]
[Round "4.5"]
[White "Amadardo, Matteo"]
[Black "Frascerra, Andrea"]
[Result "0-1"]
[WhiteElo "1376"]
[BlackElo "1282"]
[Annotator "Gabriele Ballarin"]
[PlyCount "56"]
[EventDate "2023.01.27"]
[EventType "swiss"]
[EventRounds "5"]
[EventCountry "ITA"]

1. c4 f5 2. e4 fxe4 3. Qh5+ g6 4. Qe5 Nf6 5. Ne2 Nc6 6. Qc3 Bg7 7. Na3 O-O 8. Ng3 Ng4 9. Qc2 Nxf2 10. Rg1 Bd4 11. h4 Nd3+ 12. Bxd3 exd3 13. Qxd3 Bxg1 14. h5 Qe8 15. Ne2 Bf2+ 16. Kd1 d6 17. Qc3 e5 18. d3 Bg4 19. Nb5 Nd4 20. Bh6 Bxe2+ 21. Kd2 Nxb5 22. cxb5 Bxh5 23. g4 Bxg4 24. Qc4+ Qe6 25. Qxc7 Rf7 26. Qa5 Bb6 27. Qa3 Rf2+ 28. Ke1 Re2+ 0-1

[Event "82. Provinciale VE"]
[Site "Mestre ITA"]
[Date "2023.01.29"]
[Round "4.6"]
[White "Mamone, Elena Maria"]
[Black "Bozzao, Francesco"]
[Result "0-1"]
[WhiteElo "1384"]
[BlackElo "1832"]
[Annotator "Gabriele Ballarin"]
[PlyCount "44"]
[EventDate "2023.01.27"]
[EventType "swiss"]
[EventRounds "5"]
[EventCountry "ITA"]

1. e4 c5 2. Nf3 d6 3. d4 cxd4 4. Nxd4 Nf6 5. Nc3 g6 6. Bc4 Bg7 7. O-O O-O 8. Be3 a6 9. a4 Nc6 10. Nde2 Qc7 11. Bb3 Na5 12. Nf4 Nxb3 13. cxb3 Be6 14. a5 Rac8 15. Bb6 Qc6 16. Re1 Bh6 17. Nfd5 Bxd5 18. exd5 Qd7 19. Qd4 Rfe8 20. Re2 Qg4 21. Rae1 (21. Rxe7) 21... Kf8 22. Ne4 Qxe2 0-1

[Event "82. Provinciale VE"]
[Site "Mestre ITA"]
[Date "2023.01.29"]
[Round "4.7"]
[White "Casarin, Francesco"]
[Black "Gaggio, Giacomo"]
[Result "1-0"]
[WhiteElo "1619"]
[BlackElo "1254"]
[Annotator "Gabriele Ballarin"]
[PlyCount "67"]
[EventDate "2023.01.27"]
[EventType "swiss"]
[EventRounds "5"]
[EventCountry "ITA"]

1. Nf3 d5 2. c4 e6 3. g3 Nf6 4. Bg2 Be7 5. O-O c6 6. b3 O-O 7. Bb2 Qb6 8. d3 dxc4 9. dxc4 Rd8 10. Qc2 Na6 11. Nbd2 h6 12. Rad1 Bd7 13. e4 Nc7 14. e5 Nh7 15. h4 a5 16. Ne4 a4 17. Rd2 axb3 18. axb3 c5 19. Rfd1 Bc6 20. Nd6 Na6 21. Qc3 Nb4 22. Qe3 Bxd6 23. exd6 Rd7 24. Ne5 Bxg2 25. Nxd7 Qd8 26. Kxg2 Qxd7 27. Qxc5 Nc6 28. b4 Rc8 29. Qb5 Nf8 30. c5 e5 31. Qc4 Ne6 32. Re1 f6 33. f4 Re8 34. f5 1-0

[Event "82. Provinciale VE"]
[Site "Mestre ITA"]
[Date "2023.01.29"]
[Round "4.8"]
[White "Rossi, Gianni"]
[Black "Biondi, Carlo"]
[Result "1-0"]
[WhiteElo "1557"]
[BlackElo "1297"]
[Annotator "Gabriele Ballarin"]
[PlyCount "99"]
[EventDate "2023.01.27"]
[EventType "swiss"]
[EventRounds "5"]
[EventCountry "ITA"]

1. d4 d5 2. e4 c6 3. Nc3 dxe4 4. Bc4 Nf6 5. f3 exf3 6. Nxf3 e6 7. O-O Be7 8. Bg5 Nbd7 9. Qe1 Nb6 10. Bd3 h6 11. Qh4 Rg8 12. Bd2 Nfd5 13. Qf2 f5 14. a3 g5 15. Rae1 g4 16. Ne5 h5 17. Nxd5 Nxd5 18. c4 Nc7 19. Bb4 Bxb4 20. axb4 Kf8 21. Rd1 h4 22. Qe3 Qf6 23. Rf4 Qg5 24. Rdf1 Qe7 25. Nxg4 Rg7 26. Qf2 Ne8 27. Ne5 h3 28. g3 a5 29. b5 cxb5 30. cxb5 a4 31. d5 Nd6 32. dxe6 Bxe6 33. Qd4 Re8 34. Rh4 Qd8 35. Rh8+ Ke7 36. Nc6+ bxc6 37. Qxg7+ Nf7 38. Rxe8+ Qxe8 39. Bxf5 Qd7 40. Bxe6 Qxe6 41. Qxf7+ Qxf7 42. Rxf7+ Kxf7 43. b6 Ke6 44. b7 Kd5 45. b8=Q c5 46. Qb5 Ke4 47. Qxa4+ Kd5 48. Qg4 c4 49. Qxh3 c3 50. bxc3 1-0

[Event "82. Provinciale VE"]
[Site "Mestre ITA"]
[Date "2023.01.29"]
[Round "4.10"]
[White "Gambarotto, Paolo"]
[Black "Tatulli Uva, Alberto"]
[Result "1-0"]
[WhiteElo "1266"]
[BlackElo "999"]
[Annotator "Gabriele Ballarin"]
[PlyCount "49"]
[EventDate "2023.01.27"]
[EventType "swiss"]
[EventRounds "5"]
[EventCountry "ITA"]

1. d4 d5 2. Bf4 Bf5 3. e3 Nf6 4. Nf3 Nc6 5. c3 e6 6. Bd3 Bxd3 7. Qxd3 h6 8. Nbd2 Bd6 9. Bg3 Bxg3 10. hxg3 Qe7 11. Nb3 Ne4 12. Nfd2 Nxd2 13. Kxd2 a6 14. Nc5 O-O-O 15. b4 e5 16. b5 e4 17. Qb1 b6 18. bxc6 b5 19. a4 Rd6 20. axb5 Rhd8 21. Rxa6 Kb8 22. Ra8+ Kxa8 23. Qa2+ Kb8 24. Qa6 Rxc6 25. Qb7# 1-0